[Event "AUTO-OPEN-1111"]
[Site "http://www.queenalice.com/game.php?id=394949"]
[Date "2008.4.28"]
[Round "1"]
[White "lohitha2001"]
[Black "Pedro666"]
[Result "0-1"]
[WhiteElo "1441"]
[BlackElo "2189"]

1. e3 e5 2. g3 d5 3. d3 Nf6 4. Bd2 c5 5. b3 Nc6 6. Bg2 Be7 7. Ne2 O-O 8. c3 Be6
9. O-O Qd7 10. f4 Bh3 11. Rf2 Ng4 12. Rf3 e4 13. dxe4 dxe4 14. Rf1 Bxg2 15. Kxg2
Qd3 16. Qc1 Qxe2+ 0-1

[Event "AUTO-OPEN-1111"]
[Site "http://www.queenalice.com/game.php?id=394950"]
[Date "2008.4.28"]
[Round "1"]
[White "Pedro666"]
[Black "lohitha2001"]
[Result "1-0"]
[WhiteElo "2191"]
[BlackElo "1449"]

1. d4 Nf6 2. Nf3 d5 3. Bf4 Ne4 4. e3 Bf5 5. c4 e6 6. Qb3 b6 7. Nc3 a5 8. cxd5
Nxc3 9. bxc3 exd5 10. Bb5+ c6 11. Bxb8 cxb5 12. Bf4 b4 13. O-O Bd3 14. Rfc1 Bc4
15. Qb2 bxc3 16. Rxc3 Bb4 17. Rcc1 Qe7 18. a3 Bd6 19. Qxb6 Ra6 20. Bxd6 Qxd6 21.
Qxd6 Rxd6 22. Ne5 Ba6 23. Rc5 O-O 24. Rxa5 Bd3 25. Nxd3 Rc8 26. Rb1 g6 27. g3 f5
28. Rb7 h5 29. Raa7 Rf6 30. Rg7+ Kf8 31. Ne5 Re8 32. Nxg6+ Rxg6 33. Raf7# 1-0

[Event "AUTO-OPEN-1111"]
[Site "http://www.queenalice.com/game.php?id=394951"]
[Date "2008.4.28"]
[Round "1"]
[White "lohitha2001"]
[Black "maxtec5"]
[Result "1-0"]
[WhiteElo "1454"]
[BlackElo "1357"]

1. e3 e6 2. f4 Qh4+ 3. g3 Qf6 4. Nc3 Qf5 5. e4 Qc5 6. d4 Qe7 7. Bg2 Nf6 8. e5
Ng8 9. Be3 Qb4 10. a3 Qxb2 11. Bd2 Bxa3 12. Nge2 Bb4 13. Rb1 Qa3 14. Nb5 Qa6 15.
Nxc7+ Kd8 16. Nxa6 Bxd2+ 17. Qxd2 Nxa6 18. Qa5+ b6 19. Rxb6 axb6 20. Qxb6+ Nc7
21. Bxa8 Ne7 22. Qb8 Nxa8 23. Qxa8 Nf5 24. Kd2 Ke7 25. Rb1 f6 26. Rb8 Kf7 27.
Rxc8 Rxc8 28. Qxc8 fxe5 29. Qxd7+ Ne7 30. dxe5 g6 31. h4 h5 32. c4 Kf8 33. Qxe6
Ng8 34. c5 Ne7 35. c6 Nxc6 36. Qxc6 Kg7 37. Qf6+ Kh6 38. Qh8# 1-0

[Event "AUTO-OPEN-1111"]
[Site "http://www.queenalice.com/game.php?id=394952"]
[Date "2008.4.28"]
[Round "1"]
[White "maxtec5"]
[Black "lohitha2001"]
[Result "0-1"]
[WhiteElo "1347"]
[BlackElo "1424"]

1. e3 Nf6 2. Qf3 d5 3. Nh3 Bg4 4. Qf4 Nc6 5. Bd3 e5 6. Qg3 Bd6 7. Nc3 e4 8. f4
exd3 9. cxd3 h5 10. Nb5 a6 11. Nxd6+ Qxd6 12. Nf2 O-O-O 13. h3 Be6 14. Qxg7 Bd7
15. Qxf7 Bf5 16. Qg7 Rdg8 17. Qf7 Bg6 18. Qxg8+ Rxg8 19. g4 hxg4 20. Nxg4 Nxg4
21. hxg4 Bxd3 22. g5 b5 23. Rh6 Qc5 24. a3 Kb7 25. b4 Qe7 26. Ra2 Bc4 27. Rb2
Qe4 28. Rh3 Qg2 29. Rh6 Qg1# 0-1

[Event "AUTO-OPEN-1111"]
[Site "http://www.queenalice.com/game.php?id=394953"]
[Date "2008.4.28"]
[Round "1"]
[White "lohitha2001"]
[Black "Undertaker"]
[Result "0-1"]
[WhiteElo "1402"]
[BlackElo "1500"]

1. e3 e5 2. g3 d5 3. c3 Nf6 4. d4 e4 5. Bg2 Bg4 6. f3 Bh5 7. g4 Bg6 8. f4 h6 9.
Ne2 Nxg4 10. h3 Qh4+ 11. Kd2 Qf2 12. Bf1 Qxe3+ 13. Ke1 Qf3 14. Rg1 Qf2+ 0-1

[Event "AUTO-OPEN-1111"]
[Site "http://www.queenalice.com/game.php?id=394954"]
[Date "2008.4.28"]
[Round "1"]
[White "Undertaker"]
[Black "lohitha2001"]
[Result "1-0"]
[WhiteElo "1651"]
[BlackElo "1441"]

1. e4 b6 2. d4 Bb7 3. Nc3 e6 4. Bf4 g5 5. Be5 f6 6. Qh5+ Ke7 7. Bg3 Nc6 8. Bc4
Nxd4 9. O-O-O e5 10. Qf7+ Kd6 11. Nb5+ Kc5 12. Nxd4 Bxe4 13. f3 Bg6 14. Qd5+ Kb4
15. a3+ Ka4 16. Qb5# 1-0

[Event "AUTO-BEG-199"]
[Site "http://www.queenalice.com/game.php?id=398661"]
[Date "2008.5.6"]
[Round "2"]
[White "quena"]
[Black "lohitha2001"]
[Result "1-0"]
[WhiteElo "1467"]
[BlackElo "1439"]

1. e4 d6 2. d4 b6 3. Nf3 e6 4. Bc4 Bb7 5. Nc3 d5 6. exd5 exd5 7. Bb5+ c6 8. Ba4
Bb4 9. Bg5 f6 10. Bd2 Nd7 11. O-O b5 12. Bb3 a5 13. a3 Be7 14. Nh4 a4 15. Ba2 h5
16. Nf5 Bf8 17. Bb1 Ne7 18. Nd6# 1-0

[Event "AUTO-BEG-199"]
[Site "http://www.queenalice.com/game.php?id=398662"]
[Date "2008.5.6"]
[Round "2"]
[White "lohitha2001"]
[Black "quena"]
[Result "1-0"]
[WhiteElo "1464"]
[BlackElo "1496"]

1. e4 d6 2. Nf3 Nf6 3. Nc3 Bg4 4. h3 Bxf3 5. Qxf3 Nc6 6. Bb5 a6 7. Bxc6+ bxc6 8.
d4 e5 9. dxe5 dxe5 10. Bg5 Bb4 11. a3 Be7 12. O-O Nd7 13. Bd2 Nc5 14. Rad1 O-O
15. Bh6 Ne6 16. Rxd8 Raxd8 17. Be3 Ng5 18. Bxg5 Bxg5 19. Na4 Rd4 20. Nc5 Rd2 21.
Nxa6 f6 22. Nxc7 Rxc2 23. Qb3+ Rc4 24. Qxc4+ Kh8 25. Qxc6 g6 26. Ne6 f5 27. Nxf8
f4 28. Ne6 Bf6 29. Qe8# 1-0

[Event "jaychess"]
[Site "http://www.queenalice.com/game.php?id=412573"]
[Date "2008.6.3"]
[Round "2"]
[White "lohitha2001"]
[Black "jaychess"]
[Result "0-1"]
[WhiteElo "1481"]
[BlackElo "1626"]

1. e4 d6 2. f4 Nc6 3. Nc3 g6 4. Nf3 Bg7 5. Bb5 e5 6. Bxc6+ bxc6 7. O-O Ba6 8. d3
Ne7 9. fxe5 dxe5 10. b3 f5 11. Bb2 O-O 12. Qe2 g5 13. Nxg5 f4 14. Qh5 h6 15. Ne6
Qc8 16. Nxf8 Qxf8 17. g3 Kh7 18. gxf4 exf4 19. Ne2 Bxb2 20. Rxf4 Qg7+ 21. Ng3
Ng6 22. Rg4 Bxa1 23. Nf5 Bd4+ 24. Kg2 Bc8 25. Nxg7 Bxg4 26. Qxg4 Rg8 27. Kh3 Ne5
28. Qe6 Rxg7 29. Qc8 c5 30. Qa8 c6 31. a4 Bc3 32. a5 Bxa5 33. Qf8 Be1 34. Qf6
Rg5 35. Qe7+ Kg6 36. Qxc5 Nf3 37. Qd6+ Kh5 38. Qc5 Rxc5 39. Kg2 Nd4 40. Kh3 Rg5
41. e5 Ne6 42. d4 Nf4# 0-1

[Event "Challenge"]
[Site "http://www.queenalice.com/game.php?id=414568"]
[Date "2008.6.7"]
[Round "-"]
[White "rafalcoforado"]
[Black "lohitha2001"]
[Result "1-0"]
[WhiteElo "1377"]
[BlackElo "1394"]

1. e4 d6 2. Nc3 Nf6 3. d3 e5 4. Bg5 Be7 5. Qd2 h6 6. Bxf6 Bxf6 7. Nb5 c6 8. Na3
Bg5 9. Qc3 Bd7 10. Qb4 Qc7 11. Nf3 Be7 12. d4 d5 13. Qb3 exd4 14. exd5 1-0

[Event "AUTO-BEG-197"]
[Site "http://www.queenalice.com/game.php?id=414879"]
[Date "2008.6.8"]
[Round "2"]
[White "xSmashOrBeSmashedx"]
[Black "lohitha2001"]
[Result "1-0"]
[WhiteElo "1455"]
[BlackElo "1481"]

1. e4 d6 2. d4 Nf6 3. Nc3 c6 4. Nf3 Bg4 5. Be2 Nbd7 6. Bf4 Bxf3 7. Bxf3 e6 8.
O-O e5 9. dxe5 dxe5 10. Bg5 Be7 11. Re1 h6 12. Be3 g5 13. h3 b5 14. a4 a6 15.
axb5 cxb5 16. Nd5 Nxd5 17. Qxd5 f6 18. Bh5+ 1-0

[Event "AUTO-BEG-197"]
[Site "http://www.queenalice.com/game.php?id=414880"]
[Date "2008.6.8"]
[Round "2"]
[White "lohitha2001"]
[Black "xSmashOrBeSmashedx"]
[Result "0-1"]
[WhiteElo "1449"]
[BlackElo "1691"]

1. d4 e5 2. dxe5 Nc6 3. Nf3 Qe7 4. Nbd2 Nxe5 5. Nxe5 Qxe5 6. Nc4 Qh5 7. b3 d5 8.
Ne3 Qe5 9. Rb1 Bb4+ 10. Bd2 Qe4 11. Nxd5 Qxd5 12. Bxb4 Nf6 13. c4 Qe4 14. f3 Qe5
15. Qd2 Bf5 16. e4 c5 17. Bc3 Qe7 18. Bxf6 gxf6 19. Be2 Rd8 20. Qa5 b6 21. Qc3
Bg6 22. O-O Rg8 23. Rbd1 f5 24. Rxd8+ Kxd8 25. Qd3+ Kc7 26. exf5 Bxf5 27. Qd2
Qf6 28. Rd1 Qg6 29. Qf4+ Kb7 30. g3 Be6 31. Bd3 f5 32. Qd2 Qh5 0-1

[Event "AUTO-BEG-197"]
[Site "http://www.queenalice.com/game.php?id=414883"]
[Date "2008.6.8"]
[Round "2"]
[White "Paulo2008"]
[Black "lohitha2001"]
[Result "1-0"]
[WhiteElo "1692"]
[BlackElo "1460"]

1. d4 d5 2. Nf3 Nf6 3. Bg5 e6 4. e3 h6 5. Bh4 g5 6. Bg3 Ne4 7. Bd3 Bg7 8. Nbd2
Nxd2 9. Qxd2 Nc6 10. c3 b6 11. O-O Bb7 12. e4 e5 13. exd5 Ne7 14. Nxe5 Bxd5 15.
Qe3 O-O 16. c4 Be6 17. Qe4 Rb8 18. Qh7# 1-0

[Event "AUTO-BEG-197"]
[Site "http://www.queenalice.com/game.php?id=414884"]
[Date "2008.6.8"]
[Round "2"]
[White "lohitha2001"]
[Black "Paulo2008"]
[Result "0-1"]
[WhiteElo "1467"]
[BlackElo "1685"]

1. d4 d5 2. Nf3 Bg4 3. Nbd2 Nf6 4. h3 Bh5 5. e3 e6 6. g3 Bd6 7. Bg2 O-O 8. g4
Bg6 9. O-O Nbd7 10. c4 c6 11. c5 Bc7 12. g5 Nh5 13. h4 f6 14. Kh1 fxg5 15. Nxg5
h6 16. Nxe6 Qxh4+ 0-1

[Event "QA-ANNIV-04"]
[Site "http://www.queenalice.com/game.php?id=418516"]
[Date "2008.6.16"]
[Round "1"]
[White "lohitha2001"]
[Black "AntonioMendonca"]
[Result "0-1"]
[WhiteElo "1451"]
[BlackElo "2159"]

1. Nf3 Nf6 2. g3 g6 3. Bg2 Bg7 4. O-O O-O 5. d3 d5 6. c3 Nc6 7. Nbd2 e5 8. e4 a5
9. a4 h6 10. h3 dxe4 11. dxe4 Qd3 12. Qe1 Nh5 13. Kh2 Kh7 14. Ra3 f5 15. c4 Qd6
16. Qe3 f4 0-1